000 00427nam a2200169Ia 4500
008 230524s9999 xx 000 0 und d
020 _a8121924375
082 _a621.38
_bTHE
100 _aB.L.Theraja
245 2 _aA Text Book of Electrical Technology Vol.II
260 _aNEW DELHI
_bS.Chand
_c2005
300 _aXIV;704
500 _aQuantity Number: 270
650 _aElectrical
700 _a A.K.Theraja
942 _cBK
999 _c1079
_d1079